3807-さぬき市(香川県)の駅 - Statistics

General Stats
  • This quiz has been taken 4 times
  • The average score is 5 of 7
Answer Stats
Answer % Correct
志度
100%
長尾
100%
オレンジタウン
75%
讃岐津田
75%
神前
50%
鶴羽
50%
造田
25%
No matching quizzes found
Score Distribution
Percent of People with Each Score
Percentile by Number Answered
Your Score History
You have not taken this quiz